Not only blocks. (Registro nro. 12425)
[ vista simple ]
| 000 -LEADER | |
|---|---|
| longitud fija campo de control | 01336nam a22003377a 4500 |
| 003 - IDENTIFICADOR DE NUMERO DE CONTROL | |
| control del campo | AR-RoUNA |
| 005 - FECHA DE LA ULTIMA MODIFICACION | |
| control del campo | 20260522114335.0 |
| 008 - CAMPO DE CONTROL - LIBROS | |
| longitud fija campo de control | 260522b |||||||| |||| 00| 0 spa d |
| 020 ## - INTERNATIONAL STANDARD BOOK NUMBER | |
| ISBN | 979-12-80723-31-4 |
| 040 ## - ORIGEN DE LA CATALOGACION | |
| Agencia que cataloga la obra original | AR-RoUNA |
| Idioma en que se cataloga | spa |
| Entidad que modifico el registro | AR-RoUNA |
| 041 ## - CODIGO DE IDIOMA | |
| Codigo de idioma del texto / sonido o titulo separado | ita |
| 044 ## - CODIGO DE PAIS / ENTIDAD PRODUCTORA | |
| Codigo MARC del pais | ag |
| 100 1# - ASIENTO PRINCIPAL - NOMBRE PERSONAL | |
| Nombre personal | Visconti, Federica |
| 9 (RLIN) | 27278 |
| 245 10 - TITULO PROPIAMENTE DICHO | |
| Titulo | Not only blocks. |
| Subtitulo | 3+1 progetti per un'idea di citta |
| Mencion de responsabilidad, etc | / Federica Visconti y Renato Capozzi |
| 250 ## - MENCION DE EDICION | |
| Edicion declarada | 1a. ed. |
| 260 ## - EDITORIAL - PUBLICACION, DISTRIBUCION, ETC. (Pie de imprenta) | |
| Lugar de publicacion, distribucion, etc | Italia : |
| Nombre del editor, distribuidor, etc | Aión Edizione Firenze, |
| Fecha de publicacion | 2024 |
| 300 ## - DESCRIPCION FISICA | |
| Extension | 128 p. : |
| Otros detalles fisicos | il. col., |
| -- | planos, |
| Dimensiones | 17x12 cm |
| 505 0# - NOTA DE CONTENIDO CON FORMATO | |
| Título | INDICE |
| 505 0# - NOTA DE CONTENIDO CON FORMATO | |
| Título | Ermelinda di Chiara / Nota del editor acerca de la metodología. p. 7 |
| 505 0# - NOTA DE CONTENIDO CON FORMATO | |
| Título | Federica Visconti / Ciudad de bloques vs. Ciudad de lugar. p. 15<br/><br/> |
| 505 0# - NOTA DE CONTENIDO CON FORMATO | |
| Título | Renato Capozzi / 3+1 Proyecto para una idea de ciudad |
| 505 0# - NOTA DE CONTENIDO CON FORMATO | |
| Título principal | I. Conversión. Nuevo campus universitario en la Ciudad Abierta. p. 46 |
| 505 0# - NOTA DE CONTENIDO CON FORMATO | |
| Título principal | II. Grandes urbanizaciones. Estrategia de composición urbana para Scharmhorst-Ost. p. 70 |
| 505 0# - NOTA DE CONTENIDO CON FORMATO | |
| Título principal | III. Puerto de la ciudad. Vivir la ciudad-naturaleza. p. 94 |
| 505 0# - NOTA DE CONTENIDO CON FORMATO | |
| Título principal | IV. Grandes almacenes. Bloques azules para el casco antiguo. p. 118 |
| 700 1# - ENTRADA SECUNDARIA - NOMBRES PERSONALES | |
| Nombre personal | Capozzi, Renato |
| 9 (RLIN) | 27276 |
| 908 ## - SOPORTE | |
| Soporte | Imp |
| 942 ## - FUENTE DE CLASIFICACION | |
| Clasificacion | Universal Decimal Classification |
| Tipo de item | Libro |
| 945 ## - INFORMACION DE PROCESAMIENTO | |
| Fecha de ingreso o modificacion | 2026-05-22 |
| 980 ## - DECLARACIÓN DE EQUIVALENCIA O SERIE DE REFERENCIA CRUZADA - NOMBRE / TÍTULO PERSONAL [LOCAL, CANADÁ] | |
| Código del operador | 5 |
| Nombre del operador | María Machado |
| Código del operador que modifico el registro | 1 |
| Nombre del operador que modifico el registro | Maricel Allasia |
| Estado retiro | Estado perdido | Sistema de clasificacion | Estado general | Restricciones de uso | Biblioteca de origen | Ubicacion actual | Localizacion en estante | Fecha de adquisicion | Fuente de adquisicion | Prestamos totales | Signatura y librística | Proveedor | Numero de ejemplar | Tipo de elemento KOHA | Nota no publica |
|---|---|---|---|---|---|---|---|---|---|---|---|---|---|---|---|
| Disponible | Disponible | cdu | No dañado | Ningun uso de restricciones | Arq. Hilarión H. Larguia | Arq. Hilarión H. Larguia | Tec | 22/05/2026 | Don | 72.01 V824 | 18500 | ej. 1 | Libro |